000 00599cab a2200205 4500
001 WB2905-71
008 090401t1993 xxu||||| |||| 00| 0 eng d
035 _a(Sirsi) u43269
041 _aeng
245 _aPollution action
260 _c1993
350 _a0
490 _aCS Monthly : Rural Practice
_v2(5) February 1993, 2(1)
520 _aFarmers have responded positively to a new pilot study of farm waste plans to help reduce farm waste pollution of our rivers.
650 _aFARM POLLUTION
650 _aFARM WASTE
690 _aRURAL PRACTICE
942 _n0
948 _c04/03/1997
999 _c27656
_d27656